000 00296nam a22001337a 4500
008 170529b xxu||||| |||| 00| 0 eng d
020 _a0130535052
041 _aeng
080 _26TH
_a621.3
100 _a25
101 _aIM
245 _aAUTOMATIC CONTROL SYSTEMS
_cKUO, B.C
942 _2udc
_cBK
999 _c14810
_d14810